000
00185 a2200097 4500
020
_a
014794006995
041
_a
eng
100
_a
Perry, anne
245
_a
A breach of promise
942
_c
BK
999
_c
8050
_d
8050